Beginning C for Arduino: learn C programming for the Arduino and compatible microcontrollers
Uloženo v:
| Hlavní autor: | |
|---|---|
| Médium: | Kniha |
| Jazyk: | angličtina |
| Vydáno: |
Nueva York
Apress
2012
|
| Vydání: | 1a. ed |
| Edice: | Technology in Action
|
| Témata: | |
| Tagy: |
Přidat tag
Žádné tagy, Buďte první, kdo vytvoří štítek k tomuto záznamu!
|
MARC
| LEADER | 00000cam a2200000 a 4500 | ||
|---|---|---|---|
| 001 | UCC5469 | ||
| 003 | CL-VaPUC | ||
| 008 | 181012e20120000us |||||||||||||||||eng|d | ||
| 020 | |a 9781430247760 | ||
| 082 | 0 | 4 | |a 005.1 |b PUR |2 21 |
| 100 | 0 | |a Purdum, Jack |e author |9 599772 | |
| 245 | 1 | 0 | |a Beginning C for Arduino: learn C programming for the Arduino and compatible microcontrollers |
| 250 | |a 1a. ed | ||
| 300 | |a 262 p | ||
| 942 | |c BK | ||
| 945 | |d 20181012 13:26:00 |a dcastane | ||
| 260 | |a Nueva York |b Apress |c 2012 | ||
| 650 | 0 | |a Sistemas de control |9 263596 | |
| 650 | 0 | |a Control automático |9 259890 | |
| 650 | 0 | |a Ingeniería de software |9 263866 | |
| 650 | 0 | |a Arduino |9 583997 | |
| 650 | 7 | |a PROGRAMACION EN C |2 CL-VaPUC |9 485618 | |
| 583 | |a last modification |c 20181012 13:26:00 |k Rodrigo Vera | ||
| 490 | 0 | |a Technology in Action | |
| 999 | |c 372680 |d 372678 | ||
| 952 | |0 0 |1 0 |3 erb |4 0 |6 005_100000000000000_PUR_2012 |7 0 |8 A |9 490384 |a BIBING |b BIBING |i 5505631 |o 005.1 PUR 2012 |p 5505631 |r 2024-01-25 |w 2019-11-24 |y BK |z Catalogado en:20181012 |k EIE | ||
| 952 | |0 0 |1 0 |3 erb |4 0 |6 005_100000000000000_PUR_2012 |7 0 |8 A |9 490385 |a BIBING |b BIBING |i 5505623 |o 005.1 PUR 2012 |p 5505623 |r 2024-01-25 |w 2019-11-24 |y BK |z Catalogado en:20181012 |k EIE | ||
| 952 | |0 0 |1 0 |3 erb |4 0 |6 005_100000000000000_PUR_2012 |7 0 |8 A |9 490386 |a BIBING |b BIBING |i 5505615 |o 005.1 PUR 2012 |p 5505615 |r 2024-01-25 |w 2019-11-24 |y BK |z Catalogado en:20181012 |k EIE | ||
| 952 | |0 0 |1 0 |3 erb |4 0 |6 005_100000000000000_PUR_2012 |7 0 |8 A |9 490387 |a BIBING |b BIBING |i 5505607 |o 005.1 PUR 2012 |p 5505607 |r 2024-01-25 |w 2019-11-24 |y BK |z Catalogado en:20181012 |k EIE | ||
| 952 | |0 0 |1 0 |3 erb |4 0 |6 005_100000000000000_PUR_2012 |7 0 |8 A |9 490388 |a BIBING |b BIBING |i 5505593 |o 005.1 PUR 2012 |p 5505593 |r 2024-01-25 |w 2019-11-24 |y BK |z Catalogado en:20181012 |k EIE | ||
| 952 | |0 0 |1 0 |3 erb |4 0 |6 005_100000000000000_PUR_2012 |7 0 |8 A |9 490389 |a BIBING |b BIBING |i 5505585 |o 005.1 PUR 2012 |p 5505585 |r 2024-01-25 |w 2019-11-24 |y BK |z Catalogado en:20181012 |k EIE | ||
| 952 | |0 0 |1 0 |3 erb |4 0 |6 005_100000000000000_PUR_2012 |7 0 |8 A |9 490390 |a BIBING |b BIBING |i 5505577 |o 005.1 PUR 2012 |p 5505577 |r 2024-01-25 |w 2019-11-24 |y BK |z Catalogado en:20181012 |k EIE | ||
| 952 | |0 0 |1 0 |3 erb |4 0 |6 005_100000000000000_PUR_2012 |7 0 |8 A |9 490391 |a BIBING |b BIBING |i 5505569 |o 005.1 PUR 2012 |p 5505569 |r 2024-01-25 |w 2019-11-24 |y BK |z Catalogado en:20181012 |k EIE | ||